[Event "Netanya Open 2019"]
[Site "Netanya"]
[Date "2019.06.25"]
[Round "3.6"]
[White "Gorshtein, Ido"]
[Black "Roiz, Michael"]
[Result "1/2-1/2"]
[WhiteElo "2367"]
[BlackElo "2603"]
[Annotator "TA"]
[PlyCount "102"]
[EventDate "2019.06.23"]
[EventType "swiss"]
[EventCountry "ISR"]
[SourceTitle "playchess.com"]
[Source "ChessBase"]
[SourceQuality "1"]

{[%evp 10,102,0,0,0,-6,-9,-19,-18,-36,-37,-27,-35,-37,-37,-38,-38,-34,-37,-33,-34,-36,-32,-32,-32,-32,-32,-41,-22,-37,-32,-32,-32,-32,-32,-30,0,-39,-19,-21,-17,-12,0,-40,-8,-42,0,-24,0,-9,0,-34,6,0,8,0,0,-11,0,0,0,0,0,0,13,14,21,14,16,4,28,0,0,0,0,0,0,0,0,0,0,-28,-28,-29,0,0,-3,0,0,0,0,0,0,0,36]} 1. e4 c5 2. Ne2 Nf6 3. Nbc3 d5 4. exd5 Nxd5 5. Nxd5 Qxd5 6. Nc3 Qd8 {B20: Sicilian: Unusual White 2nd moves} 7. Bb5+ (7. Bc4 Nc6 8. O-O Bf5 9. Re1 e6 10. d3 Be7 11. Bd2 O-O 12. a4 Rc8 13. Ne4 Qc7 14. Qc1 {0-1 (98) Suarez Uriel,A (2405)-Vocaturo,D (2609) Benasque 2018}) 7... Bd7 8. Bxd7+ (8. a4 {seems wilder.} e6 9. O-O Be7 10. d3 O-O 11. Re1) 8... Qxd7 9. O-O Nc6 10. d3 g6 11. Re1 $146 ({Predecessor:} 11. Be3 b6 12. Qd2 Nd4 13. Rac1 Nf5 14. Ne4 {½-½ (54) Tartakower,S-Van den Berg,C Amsterdam 1950}) 11... Bg7 12. Ne4 b6 13. Bh6 O-O ({Not} 13... Bxh6 $2 14. Nf6+ Kd8 15. Nxd7 $18) 14. Bxg7 Kxg7 15. Qd2 Rad8 16. Re3 e5 17. Rae1 f6 18. a3 a5 19. a4 Nb4 20. b3 Nd5 21. Rf3 Nf4 22. Rfe3 Nd5 23. Rh3 Qb7 24. Qh6+ Kg8 25. Rf3 Qg7 (25... Qd7 {is more complex.} 26. Ng3 Qg7 27. Qd2 Nf4 28. Ne2 Ne6) 26. Qxg7+ Kxg7 27. Nd2 Rfe8 28. Nc4 Re6 29. Kf1 Rde8 30. Rd1 Kf7 31. Ne3 Nb4 32. h4 Rd8 33. Ke1 h5 34. Rd2 Rd4 35. Rh3 Ke8 36. f3 Rd7 37. Rh1 Nc6 38. Nc4 Nd4 39. Kf2 Kd8 40. g3 Kc7 41. Re1 Ree7 42. c3 Nc6 43. g4 Rh7 44. Kg3 Rh8 45. f4 exf4+ 46. Kxf4 g5+ (46... hxg4 $5 {[%cal Rh8h4]} 47. Kxg4 Ne7 $15) 47. hxg5 {The position is equal.} fxg5+ 48. Kg3 h4+ 49. Kh2 Rf8 50. Re6 Rf4 51. Rde2 Rdf7 {Accuracy: White = 57%, Black = 52%.} 1/2-1/2

[Event "Netanya Open 2019"]
[Site "Netanya"]
[Date "2019.06.25"]
[Round "3.7"]
[White "Zubov, Alexander"]
[Black "Birnboim, Nathan"]
[Result "1-0"]
[WhiteElo "2597"]
[BlackElo "2379"]
[Annotator "ChessBase"]
[PlyCount "87"]
[EventDate "2019.06.23"]
[EventType "swiss"]
[EventCountry "ISR"]
[SourceTitle "playchess.com"]
[Source "ChessBase"]
[SourceQuality "1"]
[TimeControl "40/5400+30:1800+30"]

1. e4 {[%emt 0:01:38]} c5 {[%emt 0:00:00]} 2. Nf3 {[%emt 0:00:06]} Nc6 {[%emt 0:00:00]} 3. Bb5 {[%emt 0:00:05]} g6 {[%emt 0:00:07]} 4. O-O {[%emt 0:00:08]} Bg7 {[%emt 0:00:07]} 5. c3 {[%emt 0:00:06]} Nf6 {[%emt 0:01:20]} 6. Re1 {[%emt 0:00:06]} O-O {[%emt 0:02:44]} 7. h3 {[%emt 0:00:11]} Ne8 {[%emt 0:11:33]} 8. d4 {[%emt 0:04:33]} cxd4 {[%emt 0:03:22]} 9. cxd4 {[%emt 0:00:02]} Nc7 {[%emt 0:00:14]} 10. Ba4 {[%emt 0:02:12]} b5 {[%emt 0:00:14]} 11. Bb3 {[%emt 0:02:57]} d5 {[%emt 0:02:36]} 12. e5 {[%emt 0:01:17]} a5 {[%emt 0:03:40]} 13. Nc3 {[%emt 0:01:06]} a4 {[%emt 0:08:40]} 14. Bc2 {[%emt 0:00:17]} Rb8 {[%emt 0:07:44]} 15. Be3 {[%emt 0:05:06]} Na5 {[%emt 0:00:50]} 16. b3 {[%emt 0:00:23]} a3 {[%emt 0:00:16]} 17. Rc1 {[%emt 0:03:28]} Bd7 {[%emt 0:01:50]} 18. Qd2 {[%emt 0:05:08]} b4 {[%emt 0:03:30]} 19. Ne2 {[%emt 0:00:54]} Re8 {[%emt 0:00:11]} 20. Nf4 {[%emt 0:04:08]} Nc6 {[%emt 0:03:13]} 21. Bd3 {[%emt 0:00:40]} Na7 {[%emt 0:03:59]} 22. h4 {[%emt 0:08:04]} Ne6 {[%emt 0:06:36]} 23. h5 {[%emt 0:02:28]} Nxf4 {[%emt 0:07:56]} 24. Bxf4 {[%emt 0:00:24]} Rb6 {[%emt 0:00:58]} 25. Bh6 {[%emt 0:12:44]} Bg4 {[%emt 0:09:08]} 26. Bxg7 {[%emt 0:02:14]} Kxg7 {[%emt 0:03:15]} 27. h6+ {[%emt 0:00:43]} Kg8 {[%emt 0:00:14]} 28. Ng5 {[%emt 0:00:50]} Qd7 {[%emt 0:03:32]} 29. Rc5 {[%emt 0:08:31]} Rc8 {[%emt 0:01:46]} 30. Rec1 {[%emt 0:01:36]} f6 {[%emt 0:00:27]} 31. e6 {[%emt 0:06:10]} Bxe6 {[%emt 0:00:32]} 32. Nxe6 {[%emt 0:00:09]} Qxe6 {[%emt 0:00:24]} 33. Rxd5 {[%emt 0:07:12]} Kf8 {[%emt 0:03:23]} 34. Bc4 {[%emt 0:06:48]} Qg4 {[%emt 0:00:09]} 35. Re1 {[%emt 0:00:23]} Nc6 {[%emt 0:03:46]} 36. Qe3 {[%emt 0:04:00]} Rc7 {[%emt 0:01:09]} 37. Rd6 {[%emt 0:02:17]} Qc8 {[%emt 0:00:33]} 38. Re6 {[%emt 0:00:47]} Rbb7 {[%emt 0:04:00]} 39. Qf4 {[%emt 0:04:25]} Qd8 {[%emt 0:01:06]} 40. d5 {[%emt 0:00:11]} Na5 {[%emt 0:02:04]} 41. d6 {[%emt 0:30:08]} Nxc4 {[%emt 0:30:51]} 42. dxc7 {[%emt 0:00:28]} Rxc7 {[%emt 0:02:08]} 43. bxc4 {[%emt 0:00:17]} Kf7 {[%emt 0:00:37]} 44. c5 {[%emt 0:00:19]} 1-0

[Event "Netanya Open 2019"]
[Site "Netanya"]
[Date "2019.06.25"]
[Round "3.8"]
[White "Emanuel, Yahav"]
[Black "Huzman, Alexander"]
[Result "1/2-1/2"]
[WhiteElo "2359"]
[BlackElo "2588"]
[Annotator "ChessBase"]
[PlyCount "57"]
[EventDate "2019.06.23"]
[EventType "swiss"]
[EventCountry "ISR"]
[SourceTitle "playchess.com"]
[Source "ChessBase"]
[SourceQuality "1"]
[TimeControl "40/5400+30:1800+30"]

1. e4 {[%emt 0:00:00]} c5 {[%emt 0:00:00]} 2. Nf3 {[%emt 0:00:00]} d6 {[%emt 0:00:06]} 3. d4 {[%emt 0:00:00]} cxd4 {[%emt 0:00:13]} 4. Nxd4 {[%emt 0:00:00]} Nf6 {[%emt 0:00:26]} 5. Nc3 {[%emt 0:00:00]} a6 {[%emt 0:00:05]} 6. Be2 {[%emt 0:00:14]} e5 {[%emt 0:00:15]} 7. Nb3 {[%emt 0:00:04]} Be7 {[%emt 0:00:07]} 8. O-O {[%emt 0:00:20]} O-O {[%emt 0:00:12]} 9. Kh1 {[%emt 0:00:19]} b6 {[%emt 0:00:52]} 10. Be3 {[%emt 0:01:51]} Bb7 {[%emt 0:02:27]} 11. f3 {[%emt 0:00:21]} b5 {[%emt 0:01:48]} 12. a4 {[%emt 0:00:17]} b4 {[%emt 0:01:19]} 13. Nd5 {[%emt 0:00:15]} Nxd5 {[%emt 0:00:06]} 14. exd5 {[%emt 0:00:05]} Nd7 {[%emt 0:00:18]} 15. c4 {[%emt 0:00:35]} bxc3 {[%emt 0:07:30]} 16. bxc3 {[%emt 0:00:01]} Bg5 {[%emt 0:00:12]} 17. Bf2 {[%emt 0:00:16]} f5 {[%emt 0:02:57]} 18. c4 {[%emt 0:08:31]} Rc8 {[%emt 0:01:55]} 19. Bd3 {[%emt 0:07:49]} g6 {[%emt 0:01:49]} 20. Rb1 {[%emt 0:04:58]} Qc7 {[%emt 0:02:05]} 21. c5 {[%emt 0:33:05]} dxc5 {[%emt 0:01:36]} 22. Nxc5 {[%emt 0:08:11]} Nxc5 {[%emt 0:00:39]} 23. Bxc5 {[%emt 0:00:29]} Qxc5 {[%emt 0:10:04]} 24. Rxb7 {[%emt 0:00:05]} Qxd5 {[%emt 0:09:45]} 25. Rd7 {[%emt 0:02:24]} Qe6 {[%emt 0:06:49]} 26. Rd6 {[%emt 0:02:10]} Qe7 {[%emt 0:05:23]} 27. Rd7 {[%emt 0:07:37]} Qe6 {[%emt 0:01:20]} 28. Rd6 {[%emt 0:00:08]} Qe7 {[%emt 0:00:04]} 29. Rd7 {[%emt 0:00:07]} 1/2-1/2

[Event "Netanya Open 2019"]
[Site "Netanya"]
[Date "2019.06.25"]
[Round "3.9"]
[White "Antipov, Mikhail Al."]
[Black "Parkhov, Yair"]
[Result "1-0"]
[WhiteElo "2582"]
[BlackElo "2354"]
[Annotator "ChessBase"]
[PlyCount "125"]
[EventDate "2019.06.23"]
[EventType "swiss"]
[EventCountry "ISR"]
[SourceTitle "playchess.com"]
[Source "ChessBase"]
[SourceQuality "1"]
[TimeControl "40/5400+30:1800+30"]

1. e4 {[%emt 0:00:00]} c5 {[%emt 0:00:25]} 2. Nf3 {[%emt 0:00:00]} d6 {[%emt 0:00:07]} 3. d4 {[%emt 0:00:00]} cxd4 {[%emt 0:00:05]} 4. Nxd4 {[%emt 0:00:00]} Nf6 {[%emt 0:00:06]} 5. Nc3 {[%emt 0:00:00]} a6 {[%emt 0:00:04]} 6. f3 {[%emt 0:00:03]} e5 {[%emt 0:00:57]} 7. Nb3 {[%emt 0:00:08]} Be6 {[%emt 0:00:12]} 8. Be3 {[%emt 0:00:06]} h5 {[%emt 0:00:09]} 9. Qd2 {[%emt 0:00:21]} Nbd7 {[%emt 0:00:20]} 10. O-O-O {[%emt 0:02:22]} b5 {[%emt 0:01:51]} 11. Kb1 {[%emt 0:00:26]} Rc8 {[%emt 0:01:00]} 12. g3 {[%emt 0:10:40]} Be7 {[%emt 0:07:27]} 13. h3 {[%emt 0:05:30]} Qc7 {[%emt 0:17:41]} 14. f4 {[%emt 0:17:08]} Nb6 {[%emt 0:10:57]} 15. f5 {[%emt 0:10:43]} Bc4 {[%emt 0:11:42]} 16. Bxb6 {[%emt 0:05:10]} Qxb6 {[%emt 0:00:28]} 17. a3 {[%emt 0:02:33]} O-O {[%emt 0:06:45]} 18. g4 {[%emt 0:15:20]} Bxb3 {[%emt 0:05:47]} 19. cxb3 {[%emt 0:00:24]} Rxc3 {[%emt 0:00:25]} 20. Qxc3 {[%emt 0:00:05]} Nxe4 {[%emt 0:00:08]} 21. Qc2 {[%emt 0:04:09]} Nf2 {[%emt 0:01:05]} 22. Bg2 {[%emt 0:00:24]} Nxh1 {[%emt 0:01:49]} 23. Bxh1 {[%emt 0:00:48]} Qc5 {[%emt 0:13:15]} 24. Qe2 {[%emt 0:02:57]} Rc8 {[%emt 0:00:30]} 25. gxh5 {[%emt 0:03:02]} Bf6 {[%emt 0:01:50]} 26. Be4 {[%emt 0:04:05]} Kf8 {[%emt 0:00:37]} 27. Qd3 {[%emt 0:04:19]} Ke7 {[%emt 0:03:54]} 28. Bb7 {[%emt 0:08:07]} Rb8 {[%emt 0:00:54]} 29. Bd5 {[%emt 0:02:28]} Rc8 {[%emt 0:00:08]} 30. Bb7 {[%emt 0:01:55]} Rb8 {[%emt 0:00:06]} 31. Rc1 {[%emt 0:01:01]} Qd4 {[%emt 0:07:46]} 32. Rc7+ {[%emt 0:00:30]} Kf8 {[%emt 0:00:09]} 33. Qxd4 {[%emt 0:01:08]} exd4 {[%emt 0:00:02]} 34. Bd5 {[%emt 0:00:07]} Kg8 {[%emt 0:00:09]} 35. h6 {[%emt 0:00:57]} Rf8 {[%emt 0:00:09]} 36. Bxf7+ {[%emt 0:00:16]} Kh7 {[%emt 0:00:58]} 37. hxg7 {[%emt 0:00:05]} Bxg7 {[%emt 0:00:07]} 38. Kc2 {[%emt 0:00:26]} Kh6 {[%emt 0:00:42]} 39. Bg6 {[%emt 0:00:41]} Bf6 {[%emt 0:01:29]} 40. Rh7+ {[%emt 0:00:36]} Kg5 {[%emt 0:00:02]} 41. Kd3 {[%emt 0:30:20]} Kf4 {[%emt 0:33:25]} 42. h4 {[%emt 0:00:09]} Rh8 {[%emt 0:00:28]} 43. Rxh8 {[%emt 0:00:00]} Bxh8 {[%emt 0:00:00]} 44. b4 {[%emt 0:00:00]} Bg7 {[%emt 0:00:00]} 45. h5 {[%emt 0:00:00]} Ke5 {[%emt 0:00:00]} 46. Be8 {[%emt 0:00:00]} Kxf5 {[%emt 0:00:00]} 47. Bd7+ {[%emt 0:00:00]} Kg5 {[%emt 0:00:00]} 48. Bc8 {[%emt 0:00:00]} Kxh5 {[%emt 0:00:00]} 49. Bxa6 {[%emt 0:00:00]} Kg5 {[%emt 0:00:00]} 50. Bxb5 {[%emt 0:00:00]} d5 {[%emt 0:00:00]} 51. Bc6 {[%emt 0:00:00]} Kf5 {[%emt 0:00:00]} 52. Bxd5 {[%emt 0:00:00]} Ke5 {[%emt 0:00:00]} 53. Bg2 {[%emt 0:00:00]} Bf8 {[%emt 0:00:00]} 54. Kc4 {[%emt 0:00:00]} Bh6 {[%emt 0:00:00]} 55. a4 {[%emt 0:00:00]} Kd6 {[%emt 0:00:00]} 56. Be4 {[%emt 0:00:00]} Bc1 {[%emt 0:00:00]} 57. b3 {[%emt 0:00:00]} Bd2 {[%emt 0:00:00]} 58. b5 {[%emt 0:00:00]} Be1 {[%emt 0:00:00]} 59. b4 {[%emt 0:00:00]} Kc7 {[%emt 0:00:48]} 60. a5 {[%emt 0:00:00]} Bf2 {[%emt 0:00:27]} 61. b6+ {[%emt 0:00:00]} Kd6 {[%emt 0:00:07]} 62. a6 {[%emt 0:00:00]} d3 {[%emt 0:00:06]} 63. a7 {[%emt 0:00:00]} 1-0

[Event "Netanya Open 2019"]
[Site "Netanya"]
[Date "2019.06.25"]
[Round "3.10"]
[White "Globus, Or"]
[Black "Mikhalevski, Victor"]
[Result "0-1"]
[WhiteElo "2352"]
[BlackElo "2579"]
[Annotator "ChessBase"]
[PlyCount "56"]
[EventDate "2019.06.23"]
[EventType "swiss"]
[EventCountry "ISR"]
[SourceTitle "playchess.com"]
[Source "ChessBase"]
[SourceQuality "1"]
[TimeControl "40/5400+30:1800+30"]

1. d4 {[%emt 0:00:00]} Nf6 {[%emt 0:00:00]} 2. c4 {[%emt 0:00:00]} g6 {[%emt 0:00:00]} 3. Nc3 {[%emt 0:00:11]} d5 {[%emt 0:00:06]} 4. cxd5 {[%emt 0:00:52]} Nxd5 {[%emt 0:00:06]} 5. e4 {[%emt 0:00:04]} Nxc3 {[%emt 0:00:16]} 6. bxc3 {[%emt 0:00:05]} Bg7 {[%emt 0:00:06]} 7. Nf3 {[%emt 0:00:04]} c5 {[%emt 0:00:07]} 8. Be3 {[%emt 0:00:17]} Qa5 {[%emt 0:02:03]} 9. Nd2 {[%emt 0:01:08]} Qc7 {[%emt 0:04:38]} 10. Be2 {[%emt 0:10:00]} O-O {[%emt 0:02:04]} 11. O-O {[%emt 0:03:13]} Rd8 {[%emt 0:07:22]} 12. Rc1 {[%emt 0:01:33]} e6 {[%emt 0:00:40]} 13. Qb3 {[%emt 0:06:37]} Nc6 {[%emt 0:07:46]} 14. dxc5 {[%emt 0:02:50]} e5 {[%emt 0:01:31]} 15. Nc4 {[%emt 0:12:01]} Be6 {[%emt 0:03:40]} 16. Qa3 {[%emt 0:02:46]} Bf8 {[%emt 0:06:21]} 17. Rb1 {[%emt 0:04:54]} Rac8 {[%emt 0:10:13]} 18. Rb5 {[%emt 0:06:57]} a6 {[%emt 0:02:15]} 19. Rb6 {[%emt 0:03:59]} Bxc4 {[%emt 0:00:13]} 20. Rxc6 {[%emt 0:01:24]} Qxc6 {[%emt 0:00:12]} 21. Bxc4 {[%emt 0:00:04]} Bxc5 {[%emt 0:08:17]} 22. Qb3 {[%emt 0:02:16]} Bxe3 {[%emt 0:08:07]} 23. Bxf7+ {[%emt 0:00:06]} Kg7 {[%emt 0:00:08]} 24. fxe3 {[%emt 0:00:05]} Qxc3 {[%emt 0:00:40]} 25. Qxb7 {[%emt 0:06:04]} Rc7 {[%emt 0:03:27]} 26. Qb3 {[%emt 0:04:34]} Rf8 {[%emt 0:01:26]} 27. h3 {[%emt 0:07:12]} a5 {[%emt 0:06:24]} 28. h4 {[%emt 0:12:33]} a4 {[%emt 0:25:52]} 0-1

[Event "Netanya Open 2019"]
[Site "Netanya"]
[Date "2019.06.25"]
[Round "3.11"]
[White "Musyuk, Lior"]
[Black "Rozentalis, Eduardas"]
[Result "1/2-1/2"]
[WhiteElo "2190"]
[BlackElo "2540"]
[Annotator "ChessBase"]
[PlyCount "40"]
[EventDate "2019.06.23"]
[EventType "swiss"]
[EventCountry "ISR"]
[SourceTitle "playchess.com"]
[Source "ChessBase"]
[SourceQuality "1"]
[TimeControl "40/5400+30:1800+30"]

1. e4 {[%emt 0:00:00]} Nf6 {[%emt 0:00:00]} 2. e5 {[%emt 0:00:00]} Nd5 {[%emt 0:00:00]} 3. Nc3 {[%emt 0:00:01]} Nb6 {[%emt 0:00:09]} 4. d4 {[%emt 0:02:37]} d5 {[%emt 0:00:14]} 5. Nf3 {[%emt 0:05:51]} Bg4 {[%emt 0:01:32]} 6. h3 {[%emt 0:03:03]} Bxf3 {[%emt 0:00:36]} 7. Qxf3 {[%emt 0:00:18]} e6 {[%emt 0:00:04]} 8. Qg3 {[%emt 0:02:09]} Nc6 {[%emt 0:03:19]} 9. Be3 {[%emt 0:05:48]} Ne7 {[%emt 0:06:39]} 10. Bd3 {[%emt 0:04:36]} Nc4 {[%emt 0:07:36]} 11. Rb1 {[%emt 0:09:31]} c6 {[%emt 0:01:46]} 12. a4 {[%emt 0:05:15]} Nxe3 {[%emt 0:11:34]} 13. fxe3 {[%emt 0:01:15]} Nf5 {[%emt 0:00:33]} 14. Bxf5 {[%emt 0:06:40]} exf5 {[%emt 0:00:30]} 15. O-O {[%emt 0:00:30]} g6 {[%emt 0:00:30]} 16. b4 {[%emt 0:00:30]} Be7 {[%emt 0:00:30]} 17. b5 {[%emt 0:00:30]} Bh4 {[%emt 0:00:30]} 18. Qf4 {[%emt 0:00:30]} Bg5 {[%emt 0:00:30]} 19. Qg3 {[%emt 0:00:30]} Bh4 {[%emt 0:00:30]} 20. Qf4 {[%emt 0:00:30]} Bg5 {[%emt 0:00:30]} 1/2-1/2

[Event "Netanya Open 2019"]
[Site "Netanya"]
[Date "2019.06.25"]
[Round "3.12"]
[White "Sivuk, Vitaly"]
[Black "Krayz, Alexander"]
[Result "1-0"]
[WhiteElo "2547"]
[BlackElo "2377"]
[Annotator "ChessBase"]
[PlyCount "109"]
[EventDate "2019.06.23"]
[EventType "swiss"]
[EventCountry "ISR"]
[SourceTitle "playchess.com"]
[Source "ChessBase"]
[SourceQuality "1"]
[TimeControl "40/5400+30:1800+30"]

1. d4 {[%emt 0:06:25]} Nf6 {[%emt 0:00:00]} 2. c4 {[%emt 0:00:08]} e6 {[%emt 0:00:00]} 3. Nf3 {[%emt 0:00:08]} b6 {[%emt 0:00:00]} 4. g3 {[%emt 0:00:11]} Ba6 {[%emt 0:00:07]} 5. b3 {[%emt 0:00:11]} Bb4+ {[%emt 0:00:09]} 6. Bd2 {[%emt 0:00:08]} Be7 {[%emt 0:00:08]} 7. Nc3 {[%emt 0:00:08]} Bb7 {[%emt 0:06:59]} 8. Bg2 {[%emt 0:01:50]} Ne4 {[%emt 0:00:34]} 9. O-O {[%emt 0:05:37]} Nxd2 {[%emt 0:06:20]} 10. Qxd2 {[%emt 0:00:46]} f5 {[%emt 0:00:56]} 11. d5 {[%emt 0:02:14]} O-O {[%emt 0:02:22]} 12. Rad1 {[%emt 0:00:58]} Qe8 {[%emt 0:03:56]} 13. Nb5 {[%emt 0:08:35]} Bd8 {[%emt 0:01:38]} 14. d6 {[%emt 0:04:20]} c5 {[%emt 0:05:30]} 15. Nc7 {[%emt 0:10:59]} Bxc7 {[%emt 0:00:27]} 16. dxc7 {[%emt 0:00:05]} Na6 {[%emt 0:04:18]} 17. Qxd7 {[%emt 0:10:45]} Rc8 {[%emt 0:03:15]} 18. Ne5 {[%emt 0:05:16]} Bxg2 {[%emt 0:03:53]} 19. Kxg2 {[%emt 0:00:10]} Rxc7 {[%emt 0:00:48]} 20. Qxe8 {[%emt 0:00:17]} Rxe8 {[%emt 0:00:10]} 21. Rd6 {[%emt 0:00:07]} Nb4 {[%emt 0:06:46]} 22. a3 {[%emt 0:15:42]} Nc2 {[%emt 0:01:31]} 23. Rfd1 {[%emt 0:03:48]} Kf8 {[%emt 0:10:56]} 24. R1d2 {[%emt 0:05:24]} Nd4 {[%emt 0:02:11]} 25. b4 {[%emt 0:00:06]} Ke7 {[%emt 0:29:50]} 26. bxc5 {[%emt 0:00:30]} bxc5 {[%emt 0:00:05]} 27. Ra6 {[%emt 0:00:06]} Rec8 {[%emt 0:00:51]} 28. a4 {[%emt 0:05:44]} Nc6 {[%emt 0:02:10]} 29. Nxc6+ {[%emt 0:00:30]} Rxc6 {[%emt 0:00:04]} 30. Rxa7+ {[%emt 0:00:09]} R8c7 {[%emt 0:00:47]} 31. Ra8 {[%emt 0:00:14]} Rb6 {[%emt 0:02:06]} 32. a5 {[%emt 0:01:26]} Rb4 {[%emt 0:02:54]} 33. Ra2 {[%emt 0:00:51]} Rbb7 {[%emt 0:00:05]} 34. Kf3 {[%emt 0:01:19]} g5 {[%emt 0:00:37]} 35. e4 {[%emt 0:00:50]} Ra7 {[%emt 0:03:24]} 36. Rb8 {[%emt 0:03:24]} Rcb7 {[%emt 0:01:08]} 37. Rxb7+ {[%emt 0:00:13]} Rxb7 {[%emt 0:00:03]} 38. a6 {[%emt 0:01:30]} Ra7 {[%emt 0:00:04]} 39. exf5 {[%emt 0:00:11]} exf5 {[%emt 0:00:05]} 40. g4 {[%emt 0:00:13]} Kf6 {[%emt 0:01:18]} 41. Ra5 {[%emt 0:31:38]} fxg4+ {[%emt 0:30:22]} 42. Kxg4 {[%emt 0:00:09]} Kg6 {[%emt 0:00:05]} 43. Kf3 {[%emt 0:01:19]} Kf6 {[%emt 0:01:48]} 44. Ke4 {[%emt 0:00:32]} Ke6 {[%emt 0:00:06]} 45. Ra3 {[%emt 0:01:25]} g4 {[%emt 0:00:00]} 46. Ra5 {[%emt 0:00:00]} Kd6 {[%emt 0:00:00]} 47. Kf5 {[%emt 0:00:00]} Kc6 {[%emt 0:00:00]} 48. Kxg4 {[%emt 0:00:00]} Kb6 {[%emt 0:00:00]} 49. Ra2 {[%emt 0:00:00]} Rg7+ {[%emt 0:00:00]} 50. Kf5 {[%emt 0:00:00]} Ka7 {[%emt 0:00:00]} 51. f4 {[%emt 0:00:00]} Rf7+ {[%emt 0:00:00]} 52. Ke5 {[%emt 0:00:00]} Re7+ {[%emt 0:00:00]} 53. Kd5 {[%emt 0:00:00]} Rf7 {[%emt 0:00:00]} 54. Rf2 {[%emt 0:00:00]} Kxa6 {[%emt 0:00:00]} 55. f5 {[%emt 0:00:00]} 1-0

[Event "Netanya Open 2019"]
[Site "Netanya"]
[Date "2019.06.25"]
[Round "3.13"]
[White "Baron, Tal"]
[Black "Shvayger, Yuliya"]
[Result "1/2-1/2"]
[WhiteElo "2524"]
[BlackElo "2361"]
[Annotator "ChessBase"]
[PlyCount "90"]
[EventDate "2019.06.23"]
[EventType "swiss"]
[EventCountry "ISR"]
[SourceTitle "playchess.com"]
[Source "ChessBase"]
[SourceQuality "1"]
[TimeControl "40/5400+30:1800+30"]

1. d4 {[%emt 0:07:07]} Nf6 {[%emt 0:00:00]} 2. c4 {[%emt 0:00:06]} e6 {[%emt 0:00:12]} 3. Nc3 {[%emt 0:00:06]} Bb4 {[%emt 0:00:51]} 4. a3 {[%emt 0:00:50]} Bxc3+ {[%emt 0:00:42]} 5. bxc3 {[%emt 0:00:06]} O-O {[%emt 0:00:27]} 6. f3 {[%emt 0:00:19]} d5 {[%emt 0:00:48]} 7. cxd5 {[%emt 0:01:16]} exd5 {[%emt 0:03:05]} 8. e3 {[%emt 0:00:51]} c5 {[%emt 0:01:31]} 9. Bd3 {[%emt 0:01:11]} b6 {[%emt 0:04:45]} 10. Ne2 {[%emt 0:02:26]} Ba6 {[%emt 0:00:09]} 11. O-O {[%emt 0:00:08]} Re8 {[%emt 0:02:03]} 12. Ng3 {[%emt 0:00:34]} Bxd3 {[%emt 0:04:37]} 13. Qxd3 {[%emt 0:00:06]} Nc6 {[%emt 0:00:04]} 14. Bb2 {[%emt 0:00:17]} c4 {[%emt 0:09:56]} 15. Qd2 {[%emt 0:02:07]} h5 {[%emt 0:00:06]} 16. Qf2 {[%emt 0:00:32]} Qd7 {[%emt 0:03:58]} 17. Rae1 {[%emt 0:01:48]} Re6 {[%emt 0:06:47]} 18. e4 {[%emt 0:30:20]} dxe4 {[%emt 0:14:52]} 19. fxe4 {[%emt 0:00:17]} h4 {[%emt 0:00:04]} 20. Nf5 {[%emt 0:00:33]} Nxe4 {[%emt 0:01:06]} 21. Qxh4 {[%emt 0:00:49]} Nd6 {[%emt 0:00:21]} 22. Nxg7 {[%emt 0:06:03]} Rxe1 {[%emt 0:07:59]} 23. Rxe1 {[%emt 0:00:04]} Kxg7 {[%emt 0:00:06]} 24. Qg5+ {[%emt 0:13:54]} Kh7 {[%emt 0:10:38]} 25. d5 {[%emt 0:04:34]} Re8 {[%emt 0:03:51]} 26. Qh4+ {[%emt 0:04:08]} Kg8 {[%emt 0:00:32]} 27. Qg5+ {[%emt 0:04:03]} Kh7 {[%emt 0:00:09]} 28. Rxe8 {[%emt 0:02:45]} Qxe8 {[%emt 0:02:24]} 29. Qh4+ {[%emt 0:00:32]} Kg8 {[%emt 0:00:41]} 30. Qg3+ {[%emt 0:00:13]} Kh7 {[%emt 0:00:05]} 31. Qh4+ {[%emt 0:00:06]} Kg8 {[%emt 0:00:05]} 32. Qg3+ {[%emt 0:00:01]} Kh7 {[%emt 0:00:35]} 33. dxc6 {[%emt 0:00:00]} Qxc6 {[%emt 0:00:02]} 34. Qh4+ {[%emt 0:02:43]} Kg8 {[%emt 0:00:50]} 35. Qg5+ {[%emt 0:02:38]} Kh7 {[%emt 0:04:50]} 36. Qh5+ {[%emt 0:00:36]} Kg8 {[%emt 0:00:24]} 37. Qg5+ {[%emt 0:00:50]} Kh7 {[%emt 0:00:02]} 38. Qh5+ {[%emt 0:01:17]} Kg8 {[%emt 0:00:09]} 39. Bc1 {[%emt 0:02:02]} Qe4 {[%emt 0:01:01]} 40. Qg5+ {[%emt 0:00:07]} Kh7 {[%emt 0:03:40]} 41. h3 {[%emt 0:33:06]} Nf5 {[%emt 0:31:20]} 42. Kh2 {[%emt 0:06:26]} b5 {[%emt 0:00:25]} 43. Qh5+ {[%emt 0:00:00]} Kg7 {[%emt 0:00:00]} 44. Qg5+ {[%emt 0:00:00]} Kh7 {[%emt 0:00:00]} 45. Qh5+ {[%emt 0:00:00]} Kg7 {[%emt 0:00:00]} 1/2-1/2